000
00212 a2200097 4500
001
30316
100
_a
Reade, C
245
_a
The Coister & the Hearth
260
_a
Newyork
_b
Modern Lib
_c
090
_c
20263
_d
20263
942
_a
NUST-CAE
_c
M
_c
11407
999
_c
265389
_d
265389